| 000 | 00605nam a2200181 i 4500 | ||
|---|---|---|---|
| 001 | 162373 | ||
| 003 | ES-MaACL | ||
| 005 | 20230906212516.0 | ||
| 008 | 990208s1869 fr |||| | fre d | ||
| 100 | 1 |
_aPoitou, Eugène. _9131239 |
|
| 245 | 1 | 3 |
_aLa liberté civile et le pouvoir administratif en France / _cpar Eugène Poitou. |
| 260 |
_aParis : _bCharpentier et Cie, _c1869 ( _fImp. Viéville et Capiomont) |
||
| 300 |
_aXVI, 343 p. ; _c18 cm. |
||
| 597 | _aAntep. | ||
| 650 | 4 |
_aDerecho administrativo- _zFrancia. _9150731 |
|
| 752 |
_aFrancia - _dParís |
||
| 852 |
_aES-MaACL _jF-13428 _z- Enc. hol. |
||
| 999 |
_c162373 _d162373 |
||